00369cam a22001097a 4500008004000000082001900040100001900059245006000078260007000138300000900208650004200217180718b1985 xxu||||| |||| 00| 0 eng d aI5135x54 D851a aDubhashi, P.R. aAdministrative reforms in perspectivecby P.R. Dubhashi aTrivandrumbDepartment of Publication, University of Keralac1985 a79p. aAdministrative Reorganization - India